000 00726cab a2200241 4500
001 ABS49745
008 090401t1993 xxu||||| |||| 00| 0 eng d
035 _a(Sirsi) u72616
041 _aeng
100 _h
245 _aSmall injection
260 _c1993
350 _a0
490 _aNew Builder
_v(197) 26 November 1993, 28-29(2)
520 _aReports the findings of Beard Dove`s survey into M&E contractors` market confidence, suggesting a slight upturn in anticipated workloads.
650 _aCONSTRUCTION MARKET
650 _aELECTRICAL SERVICES
650 _aENGINEERING SERVICES
650 _aMECHANICAL SERVICES
690 _aBUILDING AND CONSTRUCTION-ECONOMICS
942 _n0
948 _c04/03/1997
999 _c45901
_d45901